Football Players with highest combined transfer fees - Statistics

General Stats
  • This quiz has been taken 310 times
    99 since last reset
  • The average score is 11 of 20
Answer Stats
# Answer Nationality Transfer Fee % Correct
1 Neymar BRA 400,00 Mio. €
99%
3 Cristiano Ronaldo POR 247,00 Mio. €
97%
7 Kylian Mbappé FRA 180,00 Mio. €
94%
2 Romelu Lukaku BEL 339,22 Mio. €
86%
10 Zlatan Ibrahimovic SWE 169,10 Mio. €
83%
15 Eden Hazard BEL 150,00 Mio. €
72%
16 James Rodríguez COL 148,63 Mio. €
67%
7 Antoine Griezmann FRA 180,00 Mio. €
66%
9 Ángel Di María ARG 179,00 Mio. €
54%
4 Ousmane Dembélé FRA 220,00 Mio. €
48%
5 Álvaro Morata ESP 189,00 Mio. €
47%
18 Moisés Caicedo ECU 144,20 Mio. €
45%
11 Enzo Fernandez ARG 165,25 Mio. €
42%
13 Kai Havertz GER 155,00 Mio, €
41%
12 Gonzalo Higuaín ARG 159,00 Mio. €
39%
19 João Félix POR 138,20 Mio. €
39%
14 Matthijs de Ligt NED 152,50 Mio. €
35%
6 Philippe Coutinho BRA 180,30 Mio. €
35%
20 Jude Bellingham ENG 133,15 Mio. €
32%
17 Malcom BRA 147,50 Mio. €
4%
No matching quizzes found
Score Distribution
Percent of People with Each Score
Percentile by Number Answered
Your Score History
You have not taken this quiz since the last reset